Formigas fantásticas (Record no. 45750)

MARC details
000 -Etiqueta do registo
Valores 00517cam a2200205 4500
010 ## - Número ISBN
ISBN 9727566634
100 ## - Dados gerais de processamento
Dados gerais 20080904d2003 c y1pory5003 ba
101 1# - Língua de publicação
Língua por
102 ## - País de publicação
País PT
200 1# - Titulo e menção de responsabilidade
Título próprio Formigas fantásticas
Primeira menção de responsabilidade Sue Whiting, Stuart Martin
210 ## - Publicação
Local de publicação Rio de Mouro
Nome do editor Girassol
Data de publicação cop. 2003
215 ## - Descrição física 
Paginação / Volumes [12] p.
Outras indicações físicas il
225 2# - Colecção 
Título próprio da colecção Histórias cintilantes
675 ## - CDU
Notação 82-93
Edição BN
Língua por
700 #1 - Autor principal
Apelido Whiting
Nome Sue
701 #1 - Autor co-responsavel
Apelido Martin
Nome Stuart
Função 070
801 #0 - Fonte de origem
País PT
Agência CMAR
Regras de catalogação RPC
990 ## - Elementos KOHA
Tipo de documento Livro
Holdings
Aquisição Empréstimo Código de barras Cota Permissão de empréstimo Tipo de documento
Biblioteca Municipal de Redondo Biblioteca Municipal de Redondo 056977 82-93 WHI   Livro

Powered by Koha